Entrepreneurship in small scale industries in north east India : (Record no. 27047)
[ view plain ]
| 000 -LEADER | |
|---|---|
| fixed length control field | 00518nam a2200145Ia 4500 |
| 041 ## - LANGUAGE CODE | |
| Language code of text/sound track or separate title | English |
| 082 ## - DEWEY DECIMAL CLASSIFICATION NUMBER | |
| Classification number | RP.0319 |
| 100 ## - MAIN ENTRY--AUTHOR NAME | |
| Personal name | Prasain, Ganga Prasad |
| Affiliation | Manipur University |
| 245 #0 - TITLE STATEMENT | |
| Title | Entrepreneurship in small scale industries in north east India : |
| Sub Title | A case study of Manipur / |
| Statement of responsibility, etc | Ganga Prasad Prasain |
| 260 ## - PUBLICATION, DISTRIBUTION, ETC. (IMPRINT) | |
| Place of publication | New Delhi : |
| Name of publisher/Sponsor | Indian Council of Social Science Research, |
| Year of publication | 2015 |
| 300 ## - PHYSICAL DESCRIPTION | |
| Number of Pages | xviii, 270p |
| 650 ## - SUBJECT ADDED ENTRY--TOPICAL TERM | |
| Topical Term | Entrepreneurship |
| Geographic subdivision | India |
| -- | Manipur |
| 650 ## - SUBJECT ADDED ENTRY--TOPICAL TERM | |
| Topical Term | Small Scale Industries-Manipur |
| 942 ## - ADDED ENTRY ELEMENTS (KOHA) | |
| Source of classification or shelving scheme | Dewey Decimal Classification |
| Koha item type | Research Reports |
| Withdrawn status | Lost status | Damaged status | Not for loan | Collection code | Home library | Current library | Date acquired | Source of acquisition | Full call number | Accession Number | Price effective from | Koha item type |
|---|---|---|---|---|---|---|---|---|---|---|---|---|
| Not For Loan | ICSSR Research Project Reports | NASSDOC Library | NASSDOC Library | 18/11/2021 | Gifted by: RP Division ICSSR | RP.0319 | 51679 | 17/12/2021 | Research Reports |
